000 00552nam a22001817a 4500
003 CEME
005 20210628203502.0
008 210122b xxu||||| |||| 00| 0 eng d
020 _a978-0-471744849
040 _c.
082 _a615.36 COH
100 _aCohan, Phuli
_965743
245 _aThe natural hormone makeover, 10 steps to rejuvenate your health and rediscover your inner glow
260 _aUSA
_bJOHN WILEY & SONS
_c2008
300 _aVI,282P
650 _aHORMONE-THERAPY-POPULAR WORKS.WOMEN-HEALTH AND HYGIENE
_965744
942 _cBK
_2ddc
999 _c573867
_d573867